000 00321nam a2200121Ia 4500
005 20251222143154.0
008 251222s9999||||xx |||||||||||||| ||spa||
082 _a920.946/B96
100 _aBusto Duthurburu, José Antonio del
245 0 _aFrancisco Pizarro y Trujillo de Extremadura
264 _bStudium
942 _cLIB
999 _c12818
_d12818